000 02297nam a22003377a 4500
010 _aENG-99473 B-442675-681
020 _c850.00
_a9780198066767
020 _c850.00
_a0198066767
035 _aEN-83005 B-442675-681
037 _bDBAD / PUB
037 _bRBC/Ven
082 _a305.420954
100 _aRoy, Kumkum
_933615
245 _aThe power of gender the gender of power:
_cby kumkum Roy
_bexplorations in early Indian history /
260 _aNew Delhi
_bOxford University Press
_c2010
270 _aYMCA Library Building, Jai Singh Road,
_bNew Delhi
_e110001
300 _axiv, 386p.
_c22cm (Hb)
500 _aIncludes bibliographical references and index
600 _aBaba Visakha Singh
_xBiography.
_933616
700 _910254
942 _2ddc
_cEN
_mROY
_h305.420954
999 _c40945
_d40945